Normal view
MARC view
- Haseeb Bajwa. Faizan Ali. Mubeen Ahmed. Shoaib Saeed
Entry Personal Name
001 - CONTROL NUMBER
- control field: 73307
003 - CONTROL NUMBER IDENTIFIER
- control field: NUST
005 - DATE AND TIME OF LATEST TRANSACTION
- control field: 20210628205011.0
008 - FIXED-LENGTH DATA ELEMENTS
- fixed length control field: 210628|| aca||aabn | a|a d
040 ## - CATALOGING SOURCE
- Original cataloging agency: NUST
- Transcribing agency: NUST
100 ## - HEADING--PERSONAL NAME
- Personal name: Haseeb Bajwa. Faizan Ali. Mubeen Ahmed. Shoaib Saeed
670 ## - SOURCE DATA FOUND
- Source citation: Work cat.: (NUST): Haseeb Bajwa. Faizan Ali. Mubeen Ahmed. Shoaib Saeed, PR-SOF-1963-Design of 6 DOF Industrial Grade Manipulator, 2020
